Languages: Countries from Latvian to English - Statistics

General Stats
  • This quiz has been taken 288 times
  • The average score is 14 of 16
Answer Stats
Country in Latvian And in English % Correct
Lietuva Lithuania
98%
Polija Poland
97%
Dānija Denmark
94%
Kenija Kenya
91%
Somija Finland
88%
Dienvidkoreja South Korea
88%
Zviedrija Sweden
87%
Apvienotā Karaliste United Kingdom
87%
Alžīrija Algeria
84%
Savienotās Valstis United States
84%
Īrija Ireland
83%
Krievija Russia
83%
Baltkrievija Belarus
79%
Igaunija Estonia
78%
Taizeme Thailand
66%
Gruzija Georgia
65%
No matching quizzes found
Score Distribution
Percent of People with Each Score
Percentile by Number Answered
Your Score History
You have not taken this quiz